[Event "Gatineau LEO-B"]
[Site "Gatineau CAN"]
[Date "2010.05.11"]
[Round "5"]
[White "Scantland, Patrick"]
[Black "Jiang, Qizhe"]
[Result "1-0"]
[WhiteElo "1734"]
[BlackElo "1246"]
[PlyCount "45"]
[EventDate "2010.04.13"]
[EventType "swiss"]
[EventRounds "6"]
[EventCountry "CAN"]
[Source "ChessBase"]
[SourceDate "2011.11.26"]

1. e4 d6 2. c4 g6 3. Nc3 Bg7 4. d4 Nf6 5. Nf3 O-O 6. Be2 Nbd7 7. O-O c5 8. d5
Qb6 9. Rb1 Ng4 10. Bd2 Nge5 11. Nxe5 Nxe5 12. f4 Nd7 13. Bd3 Nf6 14. h3 e6 15.
f5 exf5 16. exf5 Bd7 17. Qc1 Qc7 18. Bh6 Nh5 19. Bxg7 Nxg7 20. f6 Nh5 21. Ne4
Qc8 22. Qh6 Kh8 23. Ng5 1-0

[Event "Gatineau LEO-B"]
[Site "Gatineau CAN"]
[Date "2010.05.11"]
[Round "5"]
[White "Thibault, Mario"]
[Black "Lavergne, Daniel"]
[Result "1-0"]
[WhiteElo "1763"]
[BlackElo "1600"]
[PlyCount "31"]
[EventDate "2010.04.13"]
[EventType "swiss"]
[EventRounds "6"]
[EventCountry "CAN"]
[Source "ChessBase"]
[SourceDate "2011.11.26"]

1. e4 c5 2. Nc3 Nc6 3. f4 d6 4. Bb5 a6 5. Bxc6+ bxc6 6. d3 Nf6 7. Nf3 g6 8. O-O
Bg7 9. Qe1 O-O 10. Qh4 Ra7 11. f5 Nd7 12. Bh6 a5 13. Ng5 Bd4+ 14. Kh1 Re8 15.
fxg6 hxg6 16. Bg7 1-0

[Event "Gatineau LEO-B"]
[Site "Gatineau CAN"]
[Date "2010.05.15"]
[Round "6"]
[White "Arsenault, Michel"]
[Black "Scantland, Patrick"]
[Result "0-1"]
[WhiteElo "1837"]
[BlackElo "1734"]
[PlyCount "68"]
[EventDate "2010.04.13"]
[EventType "swiss"]
[EventRounds "6"]
[EventCountry "CAN"]
[Source "ChessBase"]
[SourceDate "2011.11.26"]

1. c4 Nf6 2. g3 e5 3. Bg2 Nc6 4. Nc3 Bb4 5. Nd5 Be7 6. e3 d6 7. Ne2 Nxd5 8.
cxd5 Nb8 9. O-O Nd7 10. d3 O-O 11. Bd2 Nf6 12. h3 Bd7 13. Qc2 Rc8 14. Ba5 b6
15. Bd2 Qe8 16. Rac1 Bb5 17. b3 e4 18. dxe4 Bxe2 19. Rfe1 Bb5 20. f4 c5 21. e5
dxe5 22. fxe5 Nd7 23. Qb2 Bg5 24. Bc3 Bh6 25. Rcd1 c4 26. b4 Qe7 27. Rd4 Nxe5
28. Re4 f6 29. Bxe5 fxe5 30. Rxe5 Qd6 31. Qc3 Bd7 32. Qd4 Qxb4 33. Rc1 Qd6 34.
Rc3 g6 0-1

[Event "Gatineau LEO-B"]
[Site "Gatineau CAN"]
[Date "2010.05.15"]
[Round "6"]
[White "Beland, Guy"]
[Black "Dupont, Claude"]
[Result "1-0"]
[WhiteElo "1431"]
[BlackElo "1437"]
[PlyCount "69"]
[EventDate "2010.04.13"]
[EventType "swiss"]
[EventRounds "6"]
[EventCountry "CAN"]
[Source "ChessBase"]
[SourceDate "2011.11.26"]

1. e4 c5 2. Nf3 d6 3. Bc4 h6 4. c3 a6 5. d4 b5 6. Be2 cxd4 7. Nxd4 Bb7 8. Nd2
e5 9. N4f3 Nf6 10. Qc2 Nbd7 11. b4 Be7 12. Nh4 g6 13. O-O Nxe4 14. Nxe4 Bxh4
15. Nxd6+ Ke7 16. Nxb7 Qc7 17. Qe4 Bf6 18. Be3 Kf8 19. Rad1 Kg7 20. Nc5 Nxc5
21. Bxc5 Be7 22. Rd5 f6 23. Rfd1 Rad8 24. Bxe7 Qxe7 25. Rxd8 Rxd8 26. Rxd8 Qxd8
27. Qb7+ Kf8 28. Qxa6 Qd2 29. Qxf6+ Ke8 30. Qxe5+ Kf7 31. Bf1 Qd7 32. Bxb5 Qd1+
33. Bf1 Qd2 34. Bc4+ Kf8 35. Qf6+ 1-0

[Event "Gatineau LEO-B"]
[Site "Gatineau CAN"]
[Date "2010.05.15"]
[Round "6"]
[White "Danilov, Alex"]
[Black "Thibault, Mario"]
[Result "1/2-1/2"]
[WhiteElo "1824"]
[BlackElo "1763"]
[PlyCount "89"]
[EventDate "2010.04.13"]
[EventType "swiss"]
[EventRounds "6"]
[EventCountry "CAN"]
[Source "ChessBase"]
[SourceDate "2011.11.26"]

1. c4 e5 2. g3 Nf6 3. Bg2 Nc6 4. Nc3 Bb4 5. a3 Bxc3 6. bxc3 d6 7. Nf3 O-O 8.
O-O h6 9. d4 Bd7 10. Qc2 Qc8 11. Re1 Bh3 12. e4 Bxg2 13. Kxg2 Re8 14. Bb2 b6
15. Nh4 Ne7 16. Qd3 c5 17. Qf3 Qe6 18. Nf5 Nxf5 19. exf5 e4 20. fxe6 exf3+ 21.
Kxf3 fxe6 22. Rad1 Kf7 23. a4 e5 24. dxe5 Rxe5 25. Rxe5 dxe5 26. h3 Ke7 27. g4
Rf8 28. Ke3 Rd8 29. Ra1 e4 30. a5 Rd3+ 31. Ke2 Rxh3 32. axb6 axb6 33. Ra7+ Nd7
34. Ra1 Ne5 35. g5 h5 36. Ra7+ Nd7 37. Kf1 g6 38. Kg2 Rd3 39. Ra6 Ke6 40. Ra8
Kf5 41. Re8 Ne5 42. Bc1 Rd1 43. Rf8+ Ke6 44. Re8+ Kf5 45. Rf8+ 1/2-1/2

[Event "Gatineau LEO-B"]
[Site "Gatineau CAN"]
[Date "2010.05.15"]
[Round "6"]
[White "Jiang, Qizhe"]
[Black "Levesque, Andre"]
[Result "0-1"]
[WhiteElo "1246"]
[BlackElo "1340"]
[PlyCount "80"]
[EventDate "2010.04.13"]
[EventType "swiss"]
[EventRounds "6"]
[EventCountry "CAN"]
[Source "ChessBase"]
[SourceDate "2011.11.26"]

1. e4 c5 2. Nf3 Nc6 3. d4 cxd4 4. Nxd4 g6 5. Nc3 Bg7 6. Be3 Nf6 7. f3 O-O 8.
Qd2 d5 9. exd5 Nxd5 10. Nxd5 Qxd5 11. O-O-O Nxd4 12. Bxd4 Bxd4 13. Qxd4 Qxa2
14. Bc4 Qa1+ 15. Kd2 Qa5+ 16. Qc3 Qg5+ 17. Qe3 Qa5+ 18. c3 Qc7 19. Bb3 Bf5 20.
Ke2 Bd7 21. Kf2 Bc6 22. Rhe1 e6 23. Kg1 a5 24. Ra1 a4 25. Bc2 b5 26. Qc5 Ra6
27. b3 Rfa8 28. c4 Qa7 29. Qxa7 R8xa7 30. cxb5 Bxb5 31. bxa4 Bxa4 32. Bxa4 Rxa4
33. Rxa4 Rxa4 34. Re4 Rxe4 35. fxe4 e5 36. g4 Kg7 37. g5 f5 38. gxf6+ Kxf6 39.
h4 h5 40. Kg2 g5 0-1

[Event "Gatineau LEO-B"]
[Site "Gatineau CAN"]
[Date "2010.05.15"]
[Round "6"]
[White "Lavergne, Daniel"]
[Black "Dagenais, Benoit"]
[Result "0-1"]
[WhiteElo "1600"]
[BlackElo "1394"]
[PlyCount "54"]
[EventDate "2010.04.13"]
[EventType "swiss"]
[EventRounds "6"]
[EventCountry "CAN"]
[Source "ChessBase"]
[SourceDate "2011.11.26"]

1. e4 Nf6 2. e5 Nd5 3. g3 Nc6 4. Bg2 Nb6 5. d4 d6 6. exd6 exd6 7. Ne2 Be7 8.
O-O O-O 9. Nbc3 Re8 10. a3 a5 11. Qd3 Bf6 12. Be4 g6 13. Be3 d5 14. Bg2 Bf5 15.
Qd2 Nc4 16. Qc1 Nxe3 17. fxe3 Ne7 18. g4 Bxg4 19. Rxf6 Nf5 20. Rxf5 Bxf5 21.
Bxd5 Qg5+ 22. Ng3 Rxe3 23. Kf2 Qf4+ 24. Kg2 c6 25. Nxf5 gxf5 26. Qd2 cxd5 27.
Nxd5 Rg3+ 0-1

[Event "Gatineau LEO-B"]
[Site "Gatineau CAN"]
[Date "2010.05.15"]
[Round "6"]
[White "Libersan, Mattieu"]
[Black "MacIsaac, Alexandre"]
[Result "1-0"]
[WhiteElo "1809"]
[BlackElo "1648"]
[PlyCount "85"]
[EventDate "2010.04.13"]
[EventType "swiss"]
[EventRounds "6"]
[EventCountry "CAN"]
[Source "ChessBase"]
[SourceDate "2011.11.26"]

1. e4 c5 2. Nf3 e6 3. d4 cxd4 4. Nxd4 Nc6 5. Nc3 Bb4 6. Be2 Nf6 7. O-O Bxc3 8.
bxc3 Nxe4 9. Bd3 Nxc3 10. Qg4 Nxd4 11. Qxg7 Nce2+ 12. Kh1 Rf8 13. Ba3 d6 14.
Rfe1 e5 15. Bxe2 Nxe2 16. Rxe2 Qe7 17. Rd1 Be6 18. Bxd6 O-O-O 19. Qxe5 Qd7 20.
Red2 Rfe8 21. Qc5+ Qc6 22. Qxa7 Bd5 23. Rxd5 Qxd5 24. Qb8+ Kd7 25. Qc7+ Ke6 26.
Rxd5 Kxd5 27. c4+ Ke6 28. c5 Rc8 29. Qxb7 Red8 30. Qe7+ Kd5 31. Qxf7+ Kd4 32.
Qxh7 Rxd6 33. g3 Rxc5 34. h4 Rdc6 35. Kg2 Rc2 36. Qf7 Rc7 37. Qf4+ Kd5 38. h5
R7c4 39. Qf5+ Kc6 40. Qe6+ Kb5 41. h6 Rxa2 42. h7 Rcc2 43. Qxa2 1-0

[Event "Gatineau LEO-B"]
[Site "Gatineau CAN"]
[Date "2010.05.15"]
[Round "6"]
[White "Menard, Marc"]
[Black "Rainey, Ivan"]
[Result "0-1"]
[WhiteElo "1612"]
[BlackElo "1387"]
[PlyCount "66"]
[EventDate "2010.04.13"]
[EventType "swiss"]
[EventRounds "6"]
[EventCountry "CAN"]
[Source "ChessBase"]
[SourceDate "2011.11.26"]

1. e4 e6 2. d4 d5 3. Nc3 Bb4 4. e5 c5 5. a3 Bxc3+ 6. bxc3 Nd7 7. Qg4 g6 8. Ne2
Qc7 9. Bb2 cxd4 10. Qxd4 Qxe5 11. c4 Qxd4 12. Bxd4 e5 13. Bb2 d4 14. c3 dxc3
15. Nxc3 Ne7 16. Nb5 O-O 17. O-O-O Nc6 18. Nd6 Nc5 19. Bd3 Rd8 20. Nxc8 Nxd3+
21. Kc2 Nxb2 22. Rxd8+ Nxd8 23. Ne7+ Kf8 24. Nxg6+ hxg6 25. Kxb2 Rc8 26. Kc3 b5
27. Rd1 Rxc4+ 28. Kb3 Nc6 29. Rd5 Nd4+ 30. Kb2 Rc2+ 31. Kb1 Re2 32. Rd7 Rxf2
33. Rxa7 Rxg2 0-1

[Event "Gatineau LEO-B"]
[Site "Gatineau CAN"]
[Date "2010.05.15"]
[Round "6"]
[White "Morel, Joseph"]
[Black "Arsenault, Yves"]
[Result "1-0"]
[WhiteElo "1326"]
[BlackElo "1543"]
[PlyCount "40"]
[EventDate "2010.04.13"]
[EventType "swiss"]
[EventRounds "6"]
[EventCountry "CAN"]
[Source "ChessBase"]
[SourceDate "2011.11.26"]

1. e4 c5 2. Nf3 Nc6 3. d4 cxd4 4. Nxd4 e6 5. Nc3 Nf6 6. Nxc6 bxc6 7. Bd3 Bb7 8.
O-O Qc7 9. Bg5 Be7 10. Re1 d6 11. Qf3 O-O-O 12. b4 h6 13. Bd2 g5 14. Qe2 g4 15.
b5 h5 16. bxc6 Bxc6 17. Rab1 Kd7 18. Nb5 Qb8 19. Nd4 Qc7 20. Nxc6 Rc8 1-0

[Event "Gatineau LEO-B"]
[Site "Gatineau CAN"]
[Date "2010.05.15"]
[Round "6"]
[White "Sabourin, Yves"]
[Black "Berthiaume, Serge"]
[Result "0-1"]
[WhiteElo "1473"]
[BlackElo "1300"]
[PlyCount "128"]
[EventDate "2010.04.13"]
[EventType "swiss"]
[EventRounds "6"]
[EventCountry "CAN"]
[Source "ChessBase"]
[SourceDate "2011.11.26"]

1. e4 e5 2. Nf3 Nf6 3. Nxe5 d6 4. Nf3 Nxe4 5. d4 d5 6. Bd3 Nc6 7. O-O Be7 8.
Nbd2 Bg4 9. c3 f5 10. Be2 O-O 11. Nxe4 fxe4 12. Ne1 Bxe2 13. Qxe2 Bf6 14. f3
Re8 15. Nc2 Re6 16. Be3 Ne7 17. Rae1 Ng6 18. Qd2 c6 19. fxe4 Rxe4 20. Bf2 Rxe1
21. Rxe1 Qb6 22. b3 Rf8 23. Be3 Be7 24. Bg5 Bd6 25. Re6 Qa6 26. Qe2 Qxe2 27.
Rxe2 h6 28. Re6 Bf4 29. Bxf4 Nxf4 30. Re7 Rf7 31. Re8+ Kh7 32. g3 Nh3+ 33. Kg2
Rf2+ 34. Kxh3 Rxc2 35. Re7 Rxc3 36. Rxb7 Rd3 37. Rc7 Rxd4 38. Rxc6 Rd1 39. Ra6
d4 40. Kg4 d3 41. Kf3 Re1 42. Rd6 Re2 43. a4 Rxh2 44. Rxd3 Rb2 45. Kf4 g5+ 46.
Kf5 Rf2+ 47. Ke4 Kg6 48. g4 Rf4+ 49. Ke3 Rxg4 50. Kf3 Rf4+ 51. Ke3 h5 52. Rd6+
Kf5 53. Rd5+ Kg4 54. Ke2 h4 55. Rd1 h3 56. Rg1+ Kh4 57. Rf1 Rxf1 58. Kxf1 g4
59. b4 g3 60. Kg1 Kg4 61. b5 Kf3 62. b6 axb6 63. a5 h2+ 64. Kh1 g2+ 0-1

[Event "Gatineau-RACC m"]
[Site "Ottawa CAN"]
[Date "2010.07.04"]
[Round "?"]
[White "Desjardins, Michel"]
[Black "Pacey, Kevin"]
[Result "0-1"]
[WhiteElo "2080"]
[BlackElo "2400"]
[PlyCount "72"]
[EventDate "2010.07.04"]
[EventType "team"]
[EventRounds "1"]
[EventCountry "CAN"]

1. e4 c5 2. Nc3 e6 3. Nge2 a6 4. g3 d5 5. exd5 exd5 6. d4 cxd4 7. Nxd4 Bb4 8.
Bg2 Ne7 9. O-O O-O 10. Bg5 f6 11. Bf4 Nbc6 12. Re1 Bxc3 13. bxc3 Ng6 14. Bc1
Nge5 15. f4 Bg4 16. Qd2 Nxd4 17. cxd4 Nf3+ 18. Bxf3 Bxf3 19. Ba3 Rf7 20. f5 Be4
21. g4 Rc8 22. Rac1 Rfc7 23. Bc5 Rc6 24. c4 b6 25. cxd5 Bxd5 26. Be7 Qc7 27.
Rxc6 Qxc6 28. Ba3 h6 29. Rc1 Qd7 30. Re1 Ba8 31. d5 Qxd5 32. Qxd5+ Bxd5 33. Re2
Bf3 34. Re6 Rc2 35. Rxb6 Rg2+ 36. Kf1 Rxa2 0-1

[Event "Grand Pacific op"]
[Site "Victoria CAN"]
[Date "2010.04.02"]
[Round "1"]
[White "Diemecke, Pablo"]
[Black "Day, Lawrence"]
[Result "0-1"]
[WhiteElo "1800"]
[BlackElo "2302"]
[PlyCount "90"]
[EventDate "2010.04.02"]
[EventType "swiss"]
[EventRounds "6"]
[EventCountry "CAN"]

1. e4 g6 2. Nf3 Bg7 3. d4 d6 4. c3 Nf6 5. Bd3 O-O 6. O-O Nc6 7. Bg5 h6 8. Bh4
Bg4 9. h3 Bxf3 10. Qxf3 e5 11. d5 Nb8 12. Nd2 Nbd7 13. Nc4 Qb8 14. Ne3 Nh5 15.
Bb5 Nc5 16. Be7 Rc8 17. Ng4 a6 18. Be2 Re8 19. Bh4 Nd7 20. Bd3 Nf4 21. Bc2 Rf8
22. Ne3 Bf6 23. Bxf6 Nxf6 24. Ng4 Nxg4 25. Qxg4 Qd8 26. g3 h5 27. Qd1 Nxh3+ 28.
Kh2 Ng5 29. Kg2 Qe7 30. Qe2 Qd7 31. Rh1 Nh7 32. Qe3 Kg7 33. c4 Rh8 34. Rac1 Nf6
35. f3 Rag8 36. Qg5 Qe7 37. Rce1 Nxd5 38. Qd2 Nf6 39. Re2 Nd7 40. f4 Kf8 41.
Qd5 Nc5 42. Qd2 Ne6 43. Rf2 exf4 44. gxf4 g5 45. f5 Nf4+ 0-1

[Event "Grand Pacific op"]
[Site "Victoria CAN"]
[Date "2010.04.03"]
[Round "2"]
[White "Aykroyd, Colin"]
[Black "Scoones, Dan"]
[Result "0-1"]
[WhiteElo "1922"]
[BlackElo "2256"]
[PlyCount "74"]
[EventDate "2010.04.02"]
[EventType "swiss"]
[EventRounds "6"]
[EventCountry "CAN"]

1. e4 d5 2. exd5 Nf6 3. d4 Nxd5 4. Nf3 g6 5. Be2 Bg7 6. O-O O-O 7. c4 Nb6 8.
Nc3 Nc6 9. Be3 Bg4 10. c5 Bxf3 11. Bxf3 Nc4 12. Bxc6 bxc6 13. Qe2 Nxe3 14. fxe3
e5 15. Rad1 Qe7 16. Qc4 exd4 17. exd4 Rad8 18. Kh1 Qh4 19. Ne2 Qe4 20. Rf4 Qe7
21. Rdf1 Qe6 22. Qxe6 fxe6 23. Rxf8+ Rxf8 24. Rxf8+ Kxf8 25. g3 e5 26. dxe5
Bxe5 27. b3 Kf7 28. Kg2 Ke6 29. Kf3 Kd5 30. Ke3 Kxc5 31. Kd3 Kb4 32. Kc2 c5 33.
Kb1 c4 34. bxc4 Kxc4 35. Kc2 Kb4 36. h4 h5 37. Kb1 Ka3 0-1

[Event "Grand Pacific op"]
[Site "Victoria CAN"]
[Date "2010.04.03"]
[Round "2"]
[White "Cheng, Jack"]
[Black "Gansvind, Valeriya"]
[Result "0-1"]
[WhiteElo "2008"]
[BlackElo "2332"]
[PlyCount "74"]
[EventDate "2010.04.02"]
[EventType "swiss"]
[EventRounds "6"]
[EventCountry "CAN"]

1. e4 c5 2. Nf3 a6 3. d4 cxd4 4. Nxd4 Nf6 5. Nc3 e5 6. Nb3 Bb4 7. Bd2 O-O 8.
Bd3 b6 9. O-O Bb7 10. Qe2 Re8 11. a3 Bf8 12. Bg5 d6 13. Rad1 Nbd7 14. Nd5 Bxd5
15. exd5 Qc8 16. Bf5 Qb7 17. c4 h6 18. Be3 g6 19. Bxd7 Nxd7 20. g4 Qc8 21. Nd2
Nf6 22. h3 Rb8 23. b4 b5 24. f3 bxc4 25. Nxc4 Rb5 26. Rc1 Qd8 27. Na5 Nxd5 28.
Rc6 Nf4 29. Bxf4 exf4 30. Qc4 Qf6 31. Rxa6 Rbe5 32. Rf2 Re1+ 33. Kg2 Qa1 34.
Qxf4 R8e2 35. Qh2 Qb2 36. Qg3 Rxf2+ 37. Qxf2 Re2 0-1

[Event "Grand Pacific op"]
[Site "Victoria CAN"]
[Date "2010.04.03"]
[Round "2"]
[White "Davies, Lucas"]
[Black "Murray, Mike"]
[Result "0-1"]
[WhiteElo "2244"]
[BlackElo "1898"]
[PlyCount "60"]
[EventDate "2010.04.02"]
[EventType "swiss"]
[EventRounds "6"]
[EventCountry "CAN"]

1. e4 Nc6 2. Nf3 Nf6 3. Nc3 d5 4. e5 d4 5. exf6 dxc3 6. bxc3 gxf6 7. d4 Qd5 8.
Be3 Bg4 9. Be2 O-O-O 10. O-O Rg8 11. Ne1 Bxe2 12. Qxe2 e5 13. Nf3 Bd6 14. Rab1
Rde8 15. Rb5 Qe4 16. d5 Qg4 17. g3 Ne7 18. Bxa7 Nf5 19. Kh1 Nh4 20. Ng1 Qa4 21.
Bc5 Nf5 22. Rb4 Qxa2 23. Qc4 Qxc2 24. Qb5 Qxc3 25. Qxb7+ Kd7 26. Bxd6 Nxd6 27.
Rb3 Qc4 28. Qb4 Qxf1 29. Rc3 Qb5 30. Qh4 Qxd5+ 0-1

[Event "Grand Pacific op"]
[Site "Victoria CAN"]
[Date "2010.04.03"]
[Round "2"]
[White "Day, Lawrence"]
[Black "Harris, Philip"]
[Result "1-0"]
[WhiteElo "2302"]
[BlackElo "1931"]
[PlyCount "83"]
[EventDate "2010.04.02"]
[EventType "swiss"]
[EventRounds "6"]
[EventCountry "CAN"]

1. e4 e5 2. Nc3 Nf6 3. g3 c6 4. d3 Bb4 5. Bd2 d6 6. Bg2 Na6 7. Nge2 Nc7 8. a3
Ba5 9. b4 Bb6 10. Na4 Qe7 11. h3 Bd7 12. O-O O-O 13. Nxb6 axb6 14. f4 b5 15.
fxe5 dxe5 16. Bg5 Nce8 17. Be3 Nd6 18. Qe1 Ra6 19. g4 Kh8 20. Ng3 Ng8 21. Qc3
f6 22. Kh2 Rd8 23. Rf3 Rda8 24. Nf5 Bxf5 25. gxf5 Qc7 26. Rg3 Ne7 27. Bc1 Rc8
28. Ra2 b6 29. Qe1 c5 30. Bd2 Rca8 31. Bc1 Nc6 32. c3 Ra4 33. Rc2 c4 34. Bf1
Rd8 35. Rcg2 cxd3 36. Bxd3 Nc4 37. Rxg7 Qxg7 38. Rxg7 Kxg7 39. Qg1+ Kf7 40. Be2
Nxa3 41. Qxb6 Rd6 42. Qc7+ 1-0

[Event "Grand Pacific op"]
[Site "Victoria CAN"]
[Date "2010.04.03"]
[Round "2"]
[White "Grund, Holger"]
[Black "Tang, Edward"]
[Result "1-0"]
[WhiteElo "2422"]
[BlackElo "2020"]
[PlyCount "131"]
[EventDate "2010.04.02"]
[EventType "swiss"]
[EventRounds "6"]
[EventCountry "CAN"]

1. e4 e5 2. Nf3 Nc6 3. Nc3 Nf6 4. Bb5 Nd4 5. Bc4 Bc5 6. d3 d6 7. h3 Be6 8. O-O
h6 9. Nxd4 Bxd4 10. Ne2 Bb6 11. Ng3 O-O 12. Qf3 d5 13. Bb3 dxe4 14. dxe4 Qe7
15. Nf5 Bxf5 16. Qxf5 Nd7 17. Kh2 Rad8 18. a4 a6 19. a5 Ba7 20. Ra3 Nc5 21. Ba2
Kh8 22. Be3 Bb8 23. Qh5 Kh7 24. Bxc5 Qxc5 25. Bxf7 Qe7 26. Rf3 Kh8 27. Rf5 c6
28. c3 Rd6 29. Bc4 Rdf6 30. Rxf6 Qxf6 31. g3 Rd8 32. Kg2 Rf8 33. Qe2 Ba7 34. f4
Bb8 35. f5 Rd8 36. Rd1 Rxd1 37. Qxd1 Qd6 38. Qxd6 Bxd6 39. Be6 Bc7 40. Bc8 b6
41. axb6 Bxb6 42. Bxa6 Kg8 43. Bb7 c5 44. Kf3 Kf7 45. Ke2 Ke7 46. Kd3 Ba5 47.
Kc4 Kd6 48. Kb5 Bc7 49. Bd5 Bd8 50. h4 Bc7 51. Ka6 Bd8 52. Kb7 Ba5 53. Be6 Bd8
54. Bg8 Ba5 55. Bf7 Bd8 56. Bc4 Ba5 57. Bb5 Bd8 58. Ba4 Ba5 59. Kc8 Bb6 60. Bb5
Ba5 61. g4 Bb6 62. Bc4 Ba5 63. g5 hxg5 64. hxg5 Bb6 65. f6 gxf6 66. g6 1-0

[Event "Grand Pacific op"]
[Site "Victoria CAN"]
[Date "2010.04.03"]
[Round "2"]
[White "Hoekstra, Jelke"]
[Black "Martinson, Rick"]
[Result "1/2-1/2"]
[WhiteElo "1995"]
[BlackElo "1673"]
[PlyCount "120"]
[EventDate "2010.04.02"]
[EventType "swiss"]
[EventRounds "6"]
[EventCountry "CAN"]

1. e4 g6 2. d4 Bg7 3. Nf3 d6 4. Nc3 Nf6 5. Be2 O-O 6. O-O c6 7. Bf4 Nbd7 8. Qd2
b5 9. a3 Bb7 10. Bh6 a6 11. Bxg7 Kxg7 12. Rfe1 Qc7 13. Bd3 e5 14. Rad1 c5 15.
d5 c4 16. Bf1 Nc5 17. g3 Bc8 18. Bg2 Bg4 19. h3 Bxf3 20. Bxf3 Qe7 21. Bg2 Nh5
22. Kh2 g5 23. Bf3 Kg6 24. Bxh5+ Kxh5 25. Qe2+ Kg6 26. g4 Rh8 27. Qf3 Qf6 28.
Qxf6+ Kxf6 29. Re3 h5 30. gxh5 Rxh5 31. Rg1 Rh4 32. Rg4 Rah8 33. Kg2 Rxg4+ 34.
hxg4 Kg6 35. Ne2 Kf6 36. Ng3 Ke7 37. Nf5+ Kd7 38. b4 cxb3 39. cxb3 Nb7 40. Rc3
Nc5 41. f3 Rc8 42. b4 Nb7 43. Rxc8 Kxc8 44. Ne7+ Kc7 45. Kf2 a5 46. Ke2 a4 47.
Ng8 Kd7 48. Nf6+ Ke7 49. Nh5 Nd8 50. Ng3 Kd7 51. Kd3 Kc7 52. Ne2 Kb6 53. Ng1
Kc7 54. Nh3 f6 55. Ng1 Nf7 56. Ne2 Kb6 57. Ng3 Nh6 58. Nh5 Ng8 59. Ng7 Kc7 60.
Kc3 Kd7 1/2-1/2

[Event "Grand Pacific op"]
[Site "Victoria CAN"]
[Date "2010.04.03"]
[Round "2"]
[White "Landingin, Jofrei"]
[Black "Roua, Radu Laurentiu"]
[Result "0-1"]
[WhiteElo "1911"]
[BlackElo "2236"]
[PlyCount "158"]
[EventDate "2010.04.02"]
[EventType "swiss"]
[EventRounds "6"]
[EventCountry "CAN"]

1. d4 Nf6 2. c4 c6 3. Nc3 d5 4. cxd5 cxd5 5. Bf4 Nc6 6. e3 e6 7. Rc1 Qb6 8. Rc2
Bb4 9. f3 Nh5 10. Bg3 Nxg3 11. hxg3 Bd6 12. f4 Bd7 13. a3 Ne7 14. Bd3 g6 15. g4
f6 16. Nf3 a6 17. Kf2 Rc8 18. Rh6 Kf7 19. Qh1 Kg7 20. g3 Qb3 21. Kg1 Ng8 22.
Rh3 e5 23. fxe5 fxe5 24. dxe5 Bc5 25. Nd4 Bxd4 26. exd4 Bxg4 27. Rh4 h5 28. Rd2
Ne7 29. Rhh2 Rhf8 30. Rhf2 Rxf2 31. Rxf2 Qb6 32. Qh4 Ng8 33. Qg5 Rc6 34. Rf4
Qxb2 35. Nxd5 Rc1+ 36. Bf1 Bh3 37. Ne3 Qd2 38. Rf3 Kh8 39. Qf4 Re1 40. e6 Rxf1+
41. Rxf1 Bxf1 42. Nxf1 Qxf4 43. gxf4 Kg7 44. d5 Kf8 45. Kf2 Nf6 46. Ne3 Ke7 47.
Ke2 Kd6 48. Kd3 h4 49. Ke2 b5 50. f5 g5 51. Kf3 a5 52. Ng4 Nxd5 53. Nh6 b4 54.
axb4 axb4 55. Nf7+ Ke7 56. Nxg5 b3 57. Ne4 b2 58. Nd2 Nf6 59. Kg2 Ne4 60. Nb1
Nd6 61. Kh3 Nxf5 62. Kg4 Kxe6 63. Nc3 Ke5 64. Nb1 Ke4 65. Nc3+ Kd3 66. Nb1 Kc2
67. Na3+ Kc1 68. Kh3 b1=Q 69. Nxb1 Kxb1 70. Kh2 Kc2 71. Kh3 Kd3 72. Kg2 Ke4 73.
Kh3 Kf4 74. Kg2 Kg4 75. Kh2 Ne3 76. Kg1 Kg3 77. Kh1 Ng4 78. Kg1 Nf2 79. Kf1 h3
0-1

[Event "Grand Pacific op"]
[Site "Victoria CAN"]
[Date "2010.04.03"]
[Round "2"]
[White "Moura, Eduardo"]
[Black "Yoos, John"]
[Result "0-1"]
[WhiteElo "2045"]
[BlackElo "2444"]
[PlyCount "66"]
[EventDate "2010.04.02"]
[EventType "swiss"]
[EventRounds "6"]
[EventCountry "CAN"]

1. e4 c5 2. c3 d6 3. d4 Nf6 4. Bd3 Qc7 5. Nf3 g6 6. O-O Bg7 7. h3 O-O 8. Re1
Nfd7 9. d5 e5 10. c4 h6 11. Nc3 Qd8 12. Qc2 Na6 13. a3 Nf6 14. Bf1 Ne8 15. g3
f5 16. Bg2 Qf6 17. Rb1 Qf7 18. Nd2 Nf6 19. b4 b6 20. b5 Nc7 21. a4 Nce8 22. a5
Rb8 23. axb6 axb6 24. Ra1 Nh7 25. Nf1 f4 26. Nh2 h5 27. g4 hxg4 28. hxg4 Bf6
29. Nd1 Bh4 30. Ra3 Ng5 31. Rf1 Nf6 32. Qe2 Qd7 33. f3 Qh7 0-1

[Event "Grand Pacific op"]
[Site "Victoria CAN"]
[Date "2010.04.03"]
[Round "2"]
[White "Parker, Dylan"]
[Black "Caluza, Juni"]
[Result "0-1"]
[WhiteElo "1614"]
[BlackElo "1776"]
[PlyCount "68"]
[EventDate "2010.04.02"]
[EventType "swiss"]
[EventRounds "6"]
[EventCountry "CAN"]

1. e4 c6 2. d4 d5 3. Nc3 dxe4 4. Nxe4 Nd7 5. Nf3 Ngf6 6. Ng3 Qc7 7. Bd3 e6 8.
c3 Bd6 9. Qc2 Nf8 10. Bg5 N8d7 11. O-O-O h6 12. Bd2 b5 13. b4 Bb7 14. a3 a5 15.
Be3 O-O 16. Kd2 Ng4 17. Ne4 Bf4 18. g3 Bxe3+ 19. fxe3 f5 20. Nc5 Nxc5 21. bxc5
Nf2 22. Qb3 Bc8 23. Nh4 Kh7 24. g4 Nxg4 25. Rdf1 g5 26. Nf3 Kg7 27. h4 f4 28.
hxg5 fxe3+ 29. Ke2 Qf4 30. gxh6+ Nxh6 31. Ne5 Qg3 32. Rxf8 Kxf8 33. Rxh6 Qf2+
34. Kd1 Qd2# 0-1

[Event "Grand Pacific op"]
[Site "Victoria CAN"]
[Date "2010.04.03"]
[Round "2"]
[White "Paulson, Stewart"]
[Black "Roback, Joe"]
[Result "0-1"]
[WhiteElo "1540"]
[BlackElo "1838"]
[PlyCount "84"]
[EventDate "2010.04.02"]
[EventType "swiss"]
[EventRounds "6"]
[EventCountry "CAN"]

1. d4 Nf6 2. Nf3 e6 3. Bg5 Be7 4. Nbd2 d5 5. e3 O-O 6. c3 h6 7. Bf4 c5 8. Bd3
Nc6 9. Ne5 Nd7 10. h4 Ndxe5 11. dxe5 b6 12. Nf3 a6 13. Ng5 f6 14. Nh7 Re8 15.
Bg6 fxe5 16. Bxh6 gxh6 17. Qg4 Kh8 18. Rh3 Rg8 19. h5 e4 20. Qe2 e5 21. Rh1 Rg7
22. O-O-O b5 23. Bxe4 Rxh7 24. Bxd5 Qc7 25. g4 Bb7 26. Bxc6 Bxc6 27. e4 c4 28.
Kb1 Rf7 29. a4 Rd8 30. Qe3 Rxd1+ 31. Rxd1 Rf8 32. f3 Kg7 33. g5 Bxg5 34. Rg1
Kf6 35. Qe2 Ke7 36. Qh2 Rxf3 37. Rxg5 Bxe4+ 38. Ka2 hxg5 39. h6 Kf6 40. Qe2 Qa5
41. b4 cxb3+ 42. Kb2 Qxc3+ 0-1

[Event "Grand Pacific op"]
[Site "Victoria CAN"]
[Date "2010.04.03"]
[Round "3"]
[White "Botez, Alexandra"]
[Black "Wu, Howard"]
[Result "1-0"]
[WhiteElo "1893"]
[BlackElo "2216"]
[PlyCount "53"]
[EventDate "2010.04.02"]
[EventType "swiss"]
[EventRounds "6"]
[EventCountry "CAN"]

1. d4 Nf6 2. c4 c5 3. d5 b5 4. cxb5 a6 5. bxa6 Bxa6 6. Nc3 g6 7. g3 d6 8. Bg2
Bg7 9. Nf3 O-O 10. Rb1 Nbd7 11. O-O Ng4 12. Qc2 Nge5 13. Re1 Nxf3+ 14. Bxf3 Ne5
15. Bg2 Qa5 16. Bd2 Nc4 17. a3 Rfb8 18. Ne4 Nxd2 19. Nxd2 Ra7 20. e4 Rab7 21.
b4 Qxa3 22. Re3 Bd3 23. Rxd3 Qa6 24. b5 Rxb5 25. Rxb5 Rxb5 26. Rb3 Qa4 27. Bf1
1-0

[Event "Grand Pacific op"]
[Site "Victoria CAN"]
[Date "2010.04.03"]
[Round "3"]
[White "Cao, Jason"]
[Black "Paulson, Stewart"]
[Result "1-0"]
[WhiteElo "1773"]
[BlackElo "1540"]
[PlyCount "65"]
[EventDate "2010.04.02"]
[EventType "swiss"]
[EventRounds "6"]
[EventCountry "CAN"]

1. d4 Nf6 2. c4 e6 3. Nc3 Bb4 4. e3 Bxc3+ 5. bxc3 Nc6 6. Nf3 O-O 7. Bd3 b6 8.
O-O Na5 9. e4 d6 10. Bg5 h6 11. Bh4 e5 12. dxe5 dxe5 13. Nxe5 g5 14. Bg3 Be6
15. f4 Nh7 16. f5 Bc8 17. Ng4 f6 18. Nxh6+ Kh8 19. Qe2 Qe7 20. Rae1 Qg7 21. Ng4
Bd7 22. e5 Rae8 23. Qd2 c5 24. exf6 Nxf6 25. Be5 Nc6 26. Bxf6 Rxf6 27. Rxe8+
Bxe8 28. Nxf6 Qxf6 29. Re1 Ne5 30. Qe3 Nxd3 31. Qxe8+ Kh7 32. Re7+ Kh6 33. Re6
1-0